000 00305nam a2200133Ia 4500
008 231129s1966||||xx |||||||||||||| ||spa||
040 _bspa
082 _aG863 S689f
100 _aSolí²rzano Carlos
245 0 _aLos falsos demonios
260 _c1966
264 _aJoaquin Mortiz
942 _2ddc
_cBKS
999 _c19673
_d19673